000 00945naa a2200253 c 4500
001 27583
003 ES-MaCES
005 20150925135357.0
008 950905n1995 fr ||| | fre d
035 _aCES19980015185v
040 _aES-MaCES
_bspa
_cES-MaCES
245 0 0 _aEnvironnement
_b: Conférence sur les changements climatiques : ONU, Berlin
500 _aIncluye los discursos de Alemania, Francia y Brasil y Declaración de la UE
650 4 _apapel de la UE
_931557
650 4 _aprotección ambiental
_929423
650 4 _acambio climático
_930961
653 1 0 _aMedio ambiente
650 4 _928715
_amedio ambiente
711 2 _aConférence sur les changements climatiques
_d1995
_cBerlín
_9357
773 0 _tDocuments d'actualité internationale
_gParis. - 1995, nº 11 (1 juin) ; p. 318-324
_w(ES-MaCES)25380
902 _aART Artículo de revista
942 _2CES
_cAR
_h4.2.
999 _c27583
_d27583